Тифлокомментирование как новая социальная услуга для людей с проблемами зрения (Запись № 10805052)
[ простой вид ]
| 000 -МАРКЕР | |
|---|---|
| контрольное поле | 01830nam0a2200289 i 4500 |
| 001 - ИДЕНТИФИКАТОР ЗАПИСИ | |
| контрольное поле | RU\NLR\BIBL_A\011267554 |
| 005 - ИДЕНТИФИКАТОР ВЕРСИИ | |
| контрольное поле | 20241103053622.0 |
| 035 ## - ДРУГИЕ СИСТЕМНЫЕ НОМЕРА | |
| Идентификатор записи | (NLR Aleph) 011267554 |
| 100 ## - ДАННЫЕ ОБЩЕЙ ОБРАБОТКИ | |
| Данные общей обработки | 20161110d2016 km y0rusy50 ca |
| 101 0# - ЯЗЫК РЕСУРСА | |
| Язык текста, звукозаписи и т.д. | русский |
| 102 ## - СТРАНА ПУБЛИКАЦИИ ИЛИ ПРОИЗВОДСТВА | |
| Страна публикации | Российская Федерация |
| 105 ## - ПОЛЕ КОДИРОВАННЫХ ДАННЫХ: ТЕКСТОВЫЕ МАТЕРИАЛЫ, МОНОГРАФИЧЕСКИЕ | |
| Кодированные данные о монографическом текстовом документе | ac||z|||100zy |
| 200 1# - ЗАГЛАВИЕ И СВЕДЕНИЯ ОБ ОТВЕТСТВЕННОСТИ | |
| Основное заглавие | Тифлокомментирование как новая социальная услуга для людей с проблемами зрения |
| Сведения, относящиеся к заглавию | сборник материалов II летней международной школы (г. Екатеринбург, 26—27 августа 2015 г.) |
| 210 ## - ПУБЛИКАЦИЯ, РАСПРОСТРАНЕНИЕ И ДР. | |
| Место издания, распространения и т.д. | Екатеринбург |
| Имя издателя, распространителя и т. д. | Свердловская областная специальная библиотека для слепых |
| Дата издания, распространения и т.д. | 2016 |
| 215 ## - ФИЗИЧЕСКАЯ ХАРАКТЕРИСТИКА | |
| Специфическое обозначение материала и объем | 106 с. |
| Другие сведения о физической характеристике | ил., цв. ил., портр. |
| Размеры | 28 |
| 300 ## - ОБЩИЕ ПРИМЕЧАНИЯ | |
| Текст примечания | В надзаг.: М-во культуры Свердл. обл., Свердл. обл. спец. б-ка для слепых |
| 606 ## - НАИМЕНОВАНИЕ ТЕМЫ КАК ПРЕДМЕТ | |
| Наименование темы | Тифлокомментирование |
| Формальный подзаголовок | Съезды, совещания и т.п |
| Системный номер авторитетной/нормативной записи | 2119125 |
| Идентификатор авторитетной/нормативной записи | RU\NLR\AUTH\661583445 |
| 606 ## - НАИМЕНОВАНИЕ ТЕМЫ КАК ПРЕДМЕТ | |
| Наименование темы | Культурно-досуговая деятельность среди слепых |
| Формальный подзаголовок | Съезды, совещания и т.п |
| Системный номер авторитетной/нормативной записи | 2119110 |
| Идентификатор авторитетной/нормативной записи | RU\NLR\AUTH\661583439 |
| 686 1# - ИНДЕКСЫ ДРУГИХ КЛАССИФИКАЦИЙ | |
| Индекс | Ч433я431 |
| 686 1# - ИНДЕКСЫ ДРУГИХ КЛАССИФИКАЦИЙ | |
| Индекс | Ч711.24я431 |
| 711 12 - НАИМЕНОВАНИЕ ОРГАНИЗАЦИИ - АЛЬТЕРНАТИВНАЯ ОТВЕТСТВЕННОСТЬ | |
| Начальный элемент ввода | "Тифлокомментирование как новая социальная услуга для людей с проблемами зрения", летняя международная школа |
| Порядковый номер временной организации и / или порядковый номер ее части | 2 |
| Место проведения временной организации | Екатеринбург |
| Дата проведения временной организации | 2015 |
| Системный номер авторитетной/нормативной записи | 536755 |
| Идентификатор авторитетной/нормативной записи | RU\NLR\AUTH\880436214 |
| 942 ## - ДОПОЛНИТЕЛЬНЫЕ ЭЛЕМЕНТЫ ЗАПИСИ (АБИС) | |
| Тип экземпляра АБИС | Книга |
| 980 ## - КОЛЛЕКЦИЯ | |
| Название коллекции | НБР |
Нет доступных экземпляров.